00586nam a2200205Ia 4500003000400000005001700004008004100021020001900062040000700081041000800088082001600096100002600112245004800138260001700186300000900203650002000212942001300232999001900245952011600264OSt20251126122732.0250729s1906 xx 000 0 und d a978-1333915247 cAL aeng a808.51 CARE aCarpenter G R9224962 aExercises in rhetoric & english composition aLondonc1906 a220p aEnglish9224963 2ddccBED c236676d236676 00104070aALbALd2025-07-29eManagement Booksl0o808.51 CAREpBED01995r2025-07-29 16:55:01w2025-07-29yBK